00736cam a2200229 a 45000010008000000030005000080050017000130080041000300100017000710200028000880400018001160500021001340820014001551000028001692450066001972500012002632600040002753000021003155040064003366500017004008560089004171180792Nust20180117090010.0970512s1997 nju b 001 0 eng  a 97021715  a0805827196 (alk. paper) aDLCcDLCdDLC00aBF698b.E87 199800a155.22211 aEwen, Robert B.,d1940-13aAn introduction to theories of personality /cRobert B. Ewen. a5th ed. aMahwah, N.J. :bL. Erlbaum,cc1998. a598 p. ;c24 cm. aIncludes bibliographical references (p. 559-582) and index. 0aPersonality.423Publisher descriptionuhttp://www.loc.gov/catdir/enhancements/fy0745/97021715-d.html